Une politique de la langue : la révolution française et les patois; l'enquête de Grégoire
Gespeichert in:
| VerfasserInnen: | |
|---|---|
| Dokumenttyp: | Buch |
| Sprache: | French |
| Veröffentlicht: |
Paris
: Gallimard
, 1975
|
| Schriftenreihe: | Bibliothèque des histoires
nrf |
| Schlagwörter: | |
| Bibliogr. Hinweis: | Rezension:
Une politique de la langue Rezensiert in: Le cheminement de Michel de Certeau [Rezension] |
| Verantwortlich: | Michel de Certeau; Dominique Julia; Jacques Revel |
| LEADER | 04816cam a2200877 c 4500 | ||
|---|---|---|---|
| 001 | 1603255281 | ||
| 003 | DE-627 | ||
| 005 | 20260312170257.0 | ||
| 007 | tu | ||
| 008 | 850101s1975 xx ||||| 00| ||fre c | ||
| 020 | |a 2070293238 |9 2-07-029323-8 | ||
| 035 | |a (DE-627)1603255281 | ||
| 035 | |a (DE-603)048972770 | ||
| 035 | |a (DE-576)004534875 | ||
| 035 | |a (DE-599)BSZ004534875 | ||
| 035 | |a (OCoLC)01822969 | ||
| 035 | |a (OCoLC)184808006 | ||
| 035 | |a (DE-604)8031840027 | ||
| 040 | |a DE-627 |b ger |c DE-627 |e rakwb | ||
| 041 | |a fre | ||
| 082 | 0 | |a 447 | |
| 084 | |a 6,24 |2 ssgn | ||
| 084 | |a ID 1655 |2 rvk |0 (DE-625)rvk/54676: | ||
| 084 | |a IE 2260 |2 rvk |0 (DE-625)rvk/54979: | ||
| 100 | 1 | |a Certeau, Michel de |d 1925-1986 |0 (DE-588)118870831 |0 (DE-627)079647480 |0 (DE-576)160547679 |4 aut | |
| 245 | 1 | 4 | |a Une politique de la langue |b la révolution française et les patois; l'enquête de Grégoire |c Michel de Certeau; Dominique Julia; Jacques Revel |
| 264 | 1 | |a Paris |b Gallimard |c 1975 | |
| 300 | |a 317 S. | ||
| 336 | |a Text |b txt |2 rdacontent | ||
| 337 | |a ohne Hilfsmittel zu benutzen |b n |2 rdamedia | ||
| 338 | |a Band |b nc |2 rdacarrier | ||
| 490 | 0 | |a Bibliothèque des histoires | |
| 490 | 0 | |a nrf | |
| 505 | 8 | |a Literaturangaben | |
| 583 | 1 | |a Archivierung/Langzeitarchivierung gewährleistet |f SSG |x XA-DE-BW |2 pdager |5 DE-21 | |
| 583 | 1 | |a Archivierung/Langzeitarchivierung gewährleistet |f SSG |x XA-DE-BW |2 pdager |5 DE-16-77 | |
| 650 | 0 | 7 | |0 (DE-588)4077623-2 |0 (DE-627)106079603 |0 (DE-576)209205830 |a Soziolinguistik |2 gnd |
| 650 | 0 | 7 | |0 (DE-588)4040725-1 |0 (DE-627)106221841 |0 (DE-576)209041889 |a Mundart |2 gnd |
| 650 | 0 | 7 | |0 (DE-588)4039409-8 |0 (DE-627)104117338 |0 (DE-576)209034890 |a Nationale Minderheit |2 gnd |
| 650 | 0 | 7 | |0 (DE-588)4018183-2 |0 (DE-627)104767936 |0 (DE-576)208923136 |a Französische Revolution |2 gnd |
| 650 | 0 | 7 | |0 (DE-588)4043439-4 |0 (DE-627)106209760 |0 (DE-576)209055820 |a Okzitanisch |2 gnd |
| 650 | 0 | 7 | |0 (DE-588)4151988-7 |0 (DE-627)105541605 |0 (DE-576)209792000 |a Elementarbildung |2 gnd |
| 650 | 0 | 7 | |0 (DE-588)4003524-4 |0 (DE-627)104306831 |0 (DE-576)208851976 |a Aufklärung |2 gnd |
| 650 | 0 | 7 | |0 (DE-588)4222219-9 |0 (DE-627)105003778 |0 (DE-576)210279400 |a Nationalsprache |2 gnd |
| 650 | 0 | 7 | |0 (DE-588)4113615-9 |0 (DE-627)105828114 |0 (DE-576)209477946 |a Französisch |2 gnd |
| 651 | 7 | |0 (DE-588)4018145-5 |0 (DE-627)106327232 |0 (DE-576)208922857 |a Frankreich |2 gnd | |
| 689 | 0 | 0 | |d s |0 (DE-588)4018183-2 |0 (DE-627)104767936 |0 (DE-576)208923136 |a Französische Revolution |2 gnd |
| 689 | 0 | 1 | |d g |0 (DE-588)4018145-5 |0 (DE-627)106327232 |0 (DE-576)208922857 |a Frankreich |2 gnd |
| 689 | 0 | 2 | |d s |0 (DE-588)4039409-8 |0 (DE-627)104117338 |0 (DE-576)209034890 |a Nationale Minderheit |2 gnd |
| 689 | 0 | |5 (DE-627) | |
| 689 | 1 | 0 | |d s |0 (DE-588)4018183-2 |0 (DE-627)104767936 |0 (DE-576)208923136 |a Französische Revolution |2 gnd |
| 689 | 1 | 1 | |d s |0 (DE-588)4043439-4 |0 (DE-627)106209760 |0 (DE-576)209055820 |a Okzitanisch |2 gnd |
| 689 | 1 | |5 (DE-627) | |
| 689 | 2 | 0 | |d s |0 (DE-588)4018183-2 |0 (DE-627)104767936 |0 (DE-576)208923136 |a Französische Revolution |2 gnd |
| 689 | 2 | 1 | |d s |0 (DE-588)4113615-9 |0 (DE-627)105828114 |0 (DE-576)209477946 |a Französisch |2 gnd |
| 689 | 2 | 2 | |d s |0 (DE-588)4040725-1 |0 (DE-627)106221841 |0 (DE-576)209041889 |a Mundart |2 gnd |
| 689 | 2 | |5 (DE-627) | |
| 700 | 1 | |a Julia, Dominique |d 1940- |0 (DE-588)1058455303 |0 (DE-627)796905525 |0 (DE-576)161619231 |4 aut | |
| 700 | 1 | |a Revel, Jacques |d 1942- |0 (DE-588)1093868775 |0 (DE-627)853888035 |0 (DE-576)162709382 |4 aut | |
| 787 | 0 | 8 | |i Rezension |a Herding, Klaus, 1939 - 2018 |t Une politique de la langue |d 1977 |w (DE-627)1462039413 |w (DE-576)392039419 |
| 787 | 0 | 8 | |i Rezensiert in |a Martinoir, Francine de |t Le cheminement de Michel de Certeau [Rezension] |d 2002 |w (DE-627)1964881617 |
| 936 | r | v | |a ID 1655 |b Frankofonie (Idee, Organisation, Sprachverbreitungspolitik) |k Romanistik |k Französische Sprache und Literatur |k Französische Sprache |k Frankofonie (Idee, Organisation, Sprachverbreitungspolitik) |0 (DE-627)1524575410 |0 (DE-625)rvk/54676: |0 (DE-576)454575416 |
| 936 | r | v | |a IE 2260 |b Allgemeines |k Romanistik |k Französische Literatur i.A. und Französische Literatur im Mittelalter |k Französische Literatur |k Literaturgeschichte |k Allgemeines |0 (DE-627)1271069180 |0 (DE-625)rvk/54979: |0 (DE-576)201069180 |
| 936 | r | u | |a ID 1655 |b Sprachpolitik (außer überseeische Gebiete) |k Romanistik |k Französische Sprache |k Französisch |k Sprachpolitik (außer überseeische Gebiete) |0 (DE-627)1271025353 |0 (DE-576)201025353 |z Ungueltig |
| 936 | s | n | |a i100 |2 mzub |
| 951 | |a BO | ||
| 990 | |a Französische Revolution | ||
| 990 | |a Frankreich | ||
| 990 | |a Nationale Minderheit | ||
| 990 | |a Französische Revolution | ||
| 990 | |a Okzitanisch | ||
| 990 | |a Französische Revolution | ||
| 990 | |a Französisch | ||
| 990 | |a Mundart | ||
| 991 | |a Rezensiertes Werk | ||
| 999 | |a KXP-PPN1603255281 |e 4019656355 | ||


